Normal view
MARC view
Entry Personal Name
001 - CONTROL NUMBER
- control field: 17373
003 - CONTROL NUMBER IDENTIFIER
- control field: OSt
005 - DATE AND TIME OF LATEST TRANSACTION
- control field: 20240617145131.0
008 - FIXED-LENGTH DATA ELEMENTS
- fixed length control field: 240617|| aca||aabn | a|a d
040 ## - CATALOGING SOURCE
- Original cataloging agency: OSt
- Transcribing agency: OSt
100 ## - HEADING--PERSONAL NAME
- Personal name: Berry, J.
- Fuller form of name: (John Stephen),
- Dates associated with a name: 1947-
670 ## - SOURCE DATA FOUND
- Source citation: Work cat.: (OSt)8562: Berry, J. (John Stephen), 1947-, Mathematical modelling /, 1995.
